| 000 | 00568nam a2200193 a 4500 | ||
|---|---|---|---|
| 001 | 2026173 | ||
| 005 | 20241114094702.0 | ||
| 008 | 911206s1991 enk b 001 0 eng | ||
| 020 |
_a0281044953 : _c£17.50 |
||
| 050 | 0 | 0 |
_aBX5203.2 _b.M86 1991 |
| 082 | 0 | 0 |
_a280/.4/0942 _220 |
| 100 | 1 | _aMunson, James. | |
| 245 | 1 | 4 |
_aThe nonconformists : _bin search of a lost culture / _cJames Munson. |
| 260 |
_aLondon : _bSPCK, _c1991. |
||
| 300 |
_aviii, 360 p. ; _c22 cm. |
||
| 500 | _aIncludes index | ||
| 650 | 0 |
_aDissenters, Religious _zEngland _xHistory. |
|
| 942 |
_2lcc _cBK _n0 |
||
| 999 |
_c1167 _d1167 |
||